| 000 | 01109nam a2200397Ia 4500 | ||
|---|---|---|---|
| 001 | Para_6025 | ||
| 003 | CHAP | ||
| 008 | 220125s1983 xx 000 0 und d | ||
| 010 | _a204780 | ||
| 040 | _cCHAP | ||
| 082 | _aPA 581.13356 M52y | ||
| 245 |
_aMicronutrientes en agricultura / _c Comp. por J. Mortuedt, P. M. Giordanu, W. L. Lindslay |
||
| 260 |
_aMéxico : _b AGT |
||
| 300 | _a742 p. | ||
| 500 | _aTítulo original : Micronutrients in agriculture | ||
| 650 |
_aBoro _913907 |
||
| 650 |
_aCadmio _917068 |
||
| 650 |
_aCobre _924185 |
||
| 650 |
_aElementos menores _936257 |
||
| 650 |
_aFierro _9170740 |
||
| 650 |
_aManganeso _970380 |
||
| 650 |
_aMercurio _974959 |
||
| 650 |
_aMolibdeno _977330 |
||
| 650 |
_aPlomo _989296 |
||
| 650 |
_aZinc _9124054 |
||
| 700 |
_aGiordanu, P. M. _9170741 |
||
| 700 |
_aLindslay, W.L. _9170742 |
||
| 700 |
_aMortvedt, J. J. _9139795 |
||
| 901 | _aPA 581.13356 M52Y | ||
| 902 | _aA | ||
| 905 | _a0000001983 a 0000000000 00 | ||
| 910 | _a1983 | ||
| 942 | _cPARA | ||
| 942 |
_cPARA _d1 |
||
| 999 |
_c204780 _d204780 |
||